| 000 | 00933nam a2200229 i 4500 | ||
|---|---|---|---|
| 001 | 152275 | ||
| 003 | ES-MaACL | ||
| 005 | 20230906204622.0 | ||
| 008 | 991104s1887 po |||| | por d | ||
| 040 |
_aCCPB | B _bspa _cCCPB | B |
||
| 100 | 1 |
_aBocage, Carlos Roma du. _9126028 |
|
| 245 | 1 | 0 |
_aOrigem do Condado de Portugal _b: memoria apresentada á Academia Real das Sciencias de Lisboa / _cpor Carlos Roma du Bocage e Nicolas de Goyri. |
| 260 |
_aLisboa : _b[s.n.], _c1887 ( _fTyp. da Academia Real das Sciencias) |
||
| 300 |
_a57 p. ; _c29 cm. |
||
| 490 | 1 | _aEstudos de historia patria | |
| 651 | 4 |
_aPortugal- _xHistoria- _y711-1500. _9163418 |
|
| 700 | 1 |
_aGoyri, Nicolás de. _9127510 |
|
| 710 | 2 |
_aAcademia das Ciências de Lisboa. _91159 |
|
| 830 | 0 |
_aEstudos de historia patria _9221312 |
|
| 852 |
_aES-MaACL _jT-744-F-1 _z- Enc. hol., conservando la cub. original _z- Enc. en un vol. facticio |
||
| 999 |
_c152275 _d152275 |
||